Qui veut la main de Daenerys Targaryen ? - Statistiques

Statistiques générales
  • Ce quiz a été pris 114 fois
  • Le résultat moyen est 4 sur 7
Statistiques - réponses
Statut Nom (le prénom suffit) % Correct
Premier époux légitime Khal Drogo
99%
Aurait logiquement pu être son fiancé (au vu des traditions familiales) Viserys Targaryen
92%
Amant, allié et vassal, se résoudra à tuer sa bien-aimée pour protéger sa famille Jon Snow
89%
Mercenaire, amant et bras droit, mais pas de mariage. Elle le laisse à Meereen lorsqu'elle part pour Westeros. Daario Naharis
65%
Propose une alliance matrimoniale en échange de bateaux, mais c'est un connard Euron Greyjoy
47%
Demande en mariage en échange d'argent, mais la trahit et lui vole ses dragons Xaro Xhoan Daxos
32%
Deuxième époux légitime, qui se fera assassiner très vite Hizdahr zo Loraq
15%
Aucun quiz correspondant
Distribution des résultats
% des personnes avec chaque résultat
Percentile par nombre de réponses
Votre historique - résultats
Vous n’avez pas pris ce quiz